00892nam a2200217Ia 4500003000900000008004100009020001800050040001600068080002300084111009600107245016700203260005000370300001500420650004100435650001600476650002000492700003400512942000700546999001500553952010600568IN-BaIIA211028s9999 xx 000 0 eng d a963-372-108-3 cIIA Library a523.64(063)bCOM-I aInternational Conference on Cometary ExplorationcBudapest, Hungaryd1982 Nov. 15-19915799 0aCometary exploration Ibproceedings of the international conference on cometary exploration, held in Budapest, Hungary, 15-19 Nov 1982cedited by Tamas I. Gombosi aBudapestbHungarian Academy of Sciencesc1983 axii, 311p. aAstronomy and astrophysics thesaurus aComets9755 aPeriodic comets aGombosi, Tamas I., ed.915800 cBK c9384d9384 00104070aBANbBANcGENd0000-00-00l0o523.64(063)/ COM-Ip10294r2021-11-05w0000-00-00yBKG62.5